Normal view
MARC view
- Chrismer,M.
Entry Personal Name
001 - CONTROL NUMBER
- control field: 6041
003 - CONTROL NUMBER IDENTIFIER
- control field: OSt
005 - DATE AND TIME OF LATEST TRANSACTION
- control field: 20180209112635.0
008 - FIXED-LENGTH DATA ELEMENTS
- fixed length control field: 180209|| aca||aabn | a|a d
040 ## - CATALOGING SOURCE
- Original cataloging agency: OSt
- Transcribing agency: OSt
100 ## - HEADING--PERSONAL NAME
- Personal name: Chrismer,M.
670 ## - SOURCE DATA FOUND
- Source citation: Work cat.: (OSt): Chrismer,M., Read About Math Multiply, 2005